000 00448nam a2200205Ia 4500
008 210210b xxu||||| |||| 00| 0 eng d
041 _aeng
082 _a335/15
100 _aINDUSTRIALIST
245 _aSketches of Indian industries Vol I
260 _aCalcutta
_b-
_c
650 _aVol
650 _aSketches
650 _aof
650 _aindustries
650 _aIndian
650 _aI
690 _aIndian Economics
906 _a004358
999 _c124743
_d124743